Prestíž festivalu stúpa zamyslenie nad Bratislavskými hudobnými slávnosťami

Bibliographic Details
Main Author: Podracký, Igor, 1946-2013 (Author)
Format: Article
Language:Slovak
Subjects:

MARC

LEADER 00000nab a2200000 a 4500
001 vtls010071141
003 SK-MaSNL
005 20260303210336.0
008 100303 1974 xo 000 0 slo
015 |a SNBRB1974 
040 |a SNKBUCL  |b slo  |c SNKBUCL  |e AACR2 
041 0 |a slo 
044 |a xo  |c SK 
080 |a 78.079  |2 2001 
100 1 |a Podracký, Igor,  |d 1946-2013  |4 aut  |9 234497 
245 1 0 |a Prestíž festivalu stúpa  |b zamyslenie nad Bratislavskými hudobnými slávnosťami  |c I. Podracký 
611 2 7 |a Bratislavské hudobné slávnosti  |n (10. :  |d 1974 :  |c Bratislava, Slovensko)  |2 snkbucl  |9 36190 
650 0 7 |a hudobné festivaly  |2 snkbucl  |9 2958 
773 0 |t Práca  |g (26.10.1974), s. 6 
999 |c 2199853  |d 2201783